000 00501cam a2200193ua 4500
001 7426
008 141229n ii |||gr||||Z||||||ben
040 _cMAIN
041 _aben
082 _a891.443
100 _aChattupadhyay, S. Ch.,
_eAuthor.
245 _aSrikanta :
_b1st vol. /
_cBy Sarat Chandra Chattupadhyay .
250 _a1st.
260 _aKolkatta:
_bIndian,
_c1968.
300 _a157p.
653 _aEast Indo-European & Celtic literatures
653 _aBengali novels
942 _cBK
999 _c6549
_d6549